<?xml version="1.0" encoding="UTF-8"?><?xml-stylesheet type="text/xsl" href="static/style.xsl"?><OAI-PMH xmlns="http://www.openarchives.org/OAI/2.0/" xmlns:xsi="http://www.w3.org/2001/XMLSchema-instance" xsi:schemaLocation="http://www.openarchives.org/OAI/2.0/ http://www.openarchives.org/OAI/2.0/OAI-PMH.xsd"><responseDate>2026-04-27T21:33:28Z</responseDate><request verb="GetRecord" identifier="oai:uvadoc.uva.es:10324/55878" metadataPrefix="marc">https://uvadoc.uva.es/oai/request</request><GetRecord><record><header><identifier>oai:uvadoc.uva.es:10324/55878</identifier><datestamp>2025-09-23T08:54:42Z</datestamp><setSpec>com_10324_38</setSpec><setSpec>col_10324_787</setSpec></header><metadata><record xmlns="http://www.loc.gov/MARC21/slim" xmlns:doc="http://www.lyncode.com/xoai" xmlns:xsi="http://www.w3.org/2001/XMLSchema-instance" xmlns:dcterms="http://purl.org/dc/terms/" xsi:schemaLocation="http://www.loc.gov/MARC21/slim http://www.loc.gov/standards/marcxml/schema/MARC21slim.xsd">
<leader>00925njm 22002777a 4500</leader>
<datafield tag="042" ind1=" " ind2=" ">
<subfield code="a">dc</subfield>
</datafield>
<datafield tag="720" ind1=" " ind2=" ">
<subfield code="a">Duarte Montes, Alejandra</subfield>
<subfield code="e">author</subfield>
</datafield>
<datafield tag="260" ind1=" " ind2=" ">
<subfield code="c">2022</subfield>
</datafield>
<datafield tag="520" ind1=" " ind2=" ">
<subfield code="a">Desde el siglo XIX, el centro histórico de Salamanca se ha visto sometido a&#xd;
una transformación gradual, que ha cambiado radicalmente la imagen de la ciudad&#xd;
y su trazado urbano. Este trabajo pretende analizar gráficamente los cambios&#xd;
producidos en el recinto amurallado en los dos últimos siglos, entendiendo los&#xd;
motivos históricos, socioeconómicos y urbanísticos y sus consecuencias en el&#xd;
devenir de la capital. Para ello se analizará la ciudad actual y se restituirán seis&#xd;
momentos de la forma urbana, comprobando si hoy en día es aún posible leer los&#xd;
rasgos que distinguieron la ciudad en su pasado o si los cambios producidos han&#xd;
transgredido profundamente su morfología e identidad.</subfield>
</datafield>
<datafield tag="520" ind1=" " ind2=" ">
<subfield code="a">Since the 19th century, the historic centre of Salamanca has undergone a&#xd;
gradual transformation, which has radically changed the image of the city and its&#xd;
urban layout. This work aims to graphically analyse the changes that have taken place&#xd;
in the walled enclosure over the last two centuries, understanding the historical,&#xd;
socio-economic and urbanistic reasons and their consequences in the future of the&#xd;
capital. To this end, the present-day city will be analysed and six moments of urban&#xd;
form will be restored, checking whether it is still possible today to read the features&#xd;
that distinguished the city in its past or whether the changes that have taken place&#xd;
have profoundly transgressed its morphology and identity.</subfield>
</datafield>
<datafield tag="024" ind2=" " ind1="8">
<subfield code="a">https://uvadoc.uva.es/handle/10324/55878</subfield>
</datafield>
<datafield ind1=" " ind2=" " tag="653">
<subfield code="a">Barrios históricos - Conservación y restauración - España - Salamanca</subfield>
</datafield>
<datafield ind1=" " ind2=" " tag="653">
<subfield code="a">Urbanismo - Historia - Siglos XIX-XX - España - Salamanca</subfield>
</datafield>
<datafield tag="245" ind1="0" ind2="0">
<subfield code="a">Salamanca. Análisis gráfico de la evolución urbana del recinto amurallado entre los siglos XIX y XX</subfield>
</datafield>
</record></metadata></record></GetRecord></OAI-PMH>